| 000 | 00613cab a2200205 4500 | ||
|---|---|---|---|
| 001 | X1318 | ||
| 008 | 090401t1994 xxu||||| |||| 00| 0 eng d | ||
| 035 | _a(Sirsi) u16177 | ||
| 041 | _aeng | ||
| 245 | _aValuation problem presents a new opportunity, Lewis tells London conference | ||
| 260 | _c1994 | ||
| 350 | _a0 | ||
| 490 |
_aCSM (Chartered Surveyor Monthly) _v3(6) March 1994, 6(1) |
||
| 650 | _aCLIVE LEWIS | ||
| 650 | _aPROPERTY-COMMERCIAL PROPERTY-COMMERCIAL PROPERTY APPRAISAL AND VALUATION | ||
| 650 | _aMICHAEL MALLINSON | ||
| 690 | _aRATING AND VALUATION | ||
| 942 | _n0 | ||
| 948 | _c04/03/1997 | ||
| 999 |
_c10631 _d10631 |
||